| 000 | 00811nam a22001697a 4500 | ||
|---|---|---|---|
| 008 | 121008t xxu||||| |||| 00| 0 eng d | ||
| 020 | _a 9964783221 | ||
| 050 | _aHF5547.5.F36 | ||
| 100 | _aFenning, Albert M.F. | ||
| 245 |
_aModern office practice. / _cAlbert M.F. Fenning |
||
| 260 |
_aAccra: _bAsempa Publishers, _c2004. |
||
| 300 |
_axi,124 p.: _c20cm. |
||
| 500 | _aIncludes bibliographical references. | ||
| 505 | _aContents: The Civil service -- The Purpose of the office -- Office communication -- Reception -- Correspondence, memoranda and reports -- The Method of handling mail -- Business documents -- Filing and indexing -- Stock control -- Monetary transactions -- Banking -- Sources of information -- Personal development and human relations. | ||
| 650 | _aOffice Management | ||
| 942 |
_2lcc _cBK |
||
| 999 |
_c2406 _d9906 |
||